| 000 | 00490nam a22001817a 4500 | ||
|---|---|---|---|
| 008 | 220204b |||||||| |||| 00| 0 eng d | ||
| 020 | _a1333283500 | ||
| 050 |
_aSF61 _b.F53 2016 |
||
| 100 | _aFladers, Frank B. | ||
| 245 |
_aModern Livestock and Poultry Production _cFrank B. Flanders |
||
| 250 | _a9th ed. | ||
| 260 |
_aAustralia _bCengage Learning _c2016 |
||
| 300 | _axiv, 929p. | ||
| 650 | _aLivestock | ||
| 650 | _aPoultry | ||
| 700 | _aGillespie, James R. | ||
| 942 |
_2lcc _cBK |
||
| 999 |
_c19183 _d19182 |
||